01182nam a2200325 i 4500001001000000003000900010005001700019007000300036008004100039020001800080040003000098041000800128082001900136100004200155245004800197250002300245264004900268300002700317336002500344337003500369338002800404490002600432500007300458500011300531590002700644830003200671942001400703952012200717999001700839000048776DO-SdBNP20250718140823.0ta190412s2016 dr 000 0 spa d a9788460879251 aDO-SdBNPbspacBNPHUerda aspa 4axxxbN964e2221 aNúñez, Lilianeautor9762314aut.10aEntre ríos de tintas /cLilian Núñez. aPrimera edición  aEspaña :bSolenodonte, bMínimas,c2016. a56 páginas ;c21 cm. atextobn2rdacontent asin mediaciónbnc2rdamedia  avolumenbnc2rdacarrier1 aEdiciones de ACUDEBI; aIncluye datos biográficos de la autora en la solapa de la cubierta aLa Asociación Cultural y de Cooperación al Desarrollo de la Biblioteca República Dominicana (ACUDEBI). aInventariado, 2019/ YL 0aEdiciones de ACUDEBI976232 2ddccLBS1 00102ddc51708PDaBNPHUbBNPHUcCTd2019-04-12l0oxxx N964ep48776-10r2020-06-25w2020-06-25yLBS1ZNo se presta c48264d48264